000 00506nam a22002057a 4500
003 LK-CoDNM
005 20241119151350.0
008 241015b |||||||| |||| 00| 0 eng d
040 _aLK-CoDNM
_dLK-CoDNM
_eLK-CoDNM
041 _aeng
080 _aPA
_bE1
245 _aThe Ampitiyan 1935- Vol.2
_bNo.9
260 _aKandy
_bThe Lankapradipa printers
_c1935
300 _b4p. ; 25 cm
650 _aThe Ampitiyan 1935- Vol.2
650 _aNo.9
650 _aPA E1
650 _a1935
942 _cBK
999 _c230943
_d230943